000 00650nam a22002177a 4500
003 UA-OsUOA
001 70948
007 ta
008 20100924b un ||||| |||| 00| 0 ukr d
100 _aКостюченко О.
090 _a908
_bК72
942 _cSA
040 _aUA-OsUOA
_bukr
_cUA-OsUOA
_dUA-OsUOA
245 _aРозробка концепції розвитку туристичної галузі Рівненщини здійснюватимкться в Острозькій академії
300 _aС.2
955 _a0
041 _aukr
080 _a908
773 0 _w70947
650 7 _a908 Краєзнавство
_2UDC
999 _c357227
_d357227